Úroveň a trendy logistických služieb na Slovensku
Zmena postavenia logistiky a jej vplyv na kvalitu obchodných vzťahov. Úroveň logistiky. Kľúčový význam logistických služieb. Špecifiká logistického trhu v SR. Merateľnosť spokojnosti zákazníkov. Riadenie zásobovacieho reťazca.
Uložené v:
| Hlavný autor: | |
|---|---|
| Médium: | Kapitola |
| Jazyk: | Slovak |
| Predmet: | |
| Tagy: |
Žiadne tagy, Buďte prvý, kto otaguje tento záznam!
|
MARC
| LEADER | 00000naa$a2200000$$$4500 | ||
|---|---|---|---|
| 001 | 0051915 | ||
| 005 | 20240502071614.9 | ||
| 041 | 0 | |a slo | |
| 044 | |a SK | ||
| 245 | 1 | 0 | |a Úroveň a trendy logistických služieb na Slovensku |c Mária Dzurová |
| 520 | |a Zmena postavenia logistiky a jej vplyv na kvalitu obchodných vzťahov. Úroveň logistiky. Kľúčový význam logistických služieb. Špecifiká logistického trhu v SR. Merateľnosť spokojnosti zákazníkov. Riadenie zásobovacieho reťazca. | ||
| 610 | 2 | 0 | |a služby logistické |
| 610 | 2 | 0 | |a Slovensko |
| 610 | 2 | 0 | |a distribúcia |
| 610 | 2 | 0 | |a spokojnosť zákazníkov |
| 610 | 2 | 0 | |a vzťahy obchodné |
| 610 | 2 | 0 | |a logistika |
| 610 | 2 | 0 | |a podnik logistický |
| 100 | 1 | |a Dzurová, Mária | |